Tilastot visalle Kirjaimella S alkavien valtioiden liput

Klikkaa tästä pelataksesi tätä visaa!

Yleistilastot

  • Tätä visaa on pelattu 14 kertaa
  • Keskiarvotulos 18 / 25

Vastaustilastot

Vastaus% Oikein
Saksa
100%
Slovakia
93%
Slovenia
93%
Suomi
93%
Sveitsi
93%
San Marino
86%
Saudi-Arabia
86%
Serbia
86%
Sri Lanka
86%
Syyria
86%
Senegal
79%
Saint Lucia
71%
Sudan
71%
Suriname
71%
Seychellit
64%
Singapore
64%
Somalia
64%
Swazimaa
64%
Saint Vincent ja Grenadiinit
57%
Samoa
57%
Sambia
50%
Saint Kitts ja Nevis
43%
Salomonsaaret
43%
São Tomé ja Príncipe
43%
Sierra Leone
43%

Tulosjakauma

Persentiili vastausten määrän mukaan

Jokaisen tuloksen saaneiden osuus

Tuloshistoriasi

Et ole pelannut tätä visaa